[Event "Helsingor Xtracon op"]
[Site "Helsingor"]
[Date "2019.07.26"]
[Round "8"]
[White "Christiansen, Torsten Sundgaar"]
[Black "Narheim, Mats"]
[Result "1-0"]
[WhiteElo "1742"]
[BlackElo "1608"]
[PlyCount "51"]
[EventDate "2019.07.20"]
[EventType "swiss"]
[EventRounds "10"]
[EventCountry "DEN"]
[SourceTitle "CBM 191 Extra"]
[Source "ChessBase"]
[SourceDate "2019.09.30"]
[SourceVersion "1"]
[SourceVersionDate "2019.09.30"]
[SourceQuality "1"]

1. d4 Nf6 2. e3 d6 3. Bd3 g6 4. Nd2 Bg7 5. Ne2 0-0 6. Ng3 c5 7. c3 b6 8. 0-0 Bb7 9. Qe2 Qc7 10. f4 Nbd7 11. e4 e5 12. fxe5 dxe5 13. d5 Ne8 14. a4 Nd6 15. b3 f5 16. exf5 Bxd5 17. fxg6 e4 18. gxh7+ Kxh7 19. Qh5+ Kg8 20. Qxd5+ Kh8 21. Ndxe4 Nxe4 22. Qh5+ Kg8 23. Bc4+ Rf7 24. Qxf7+ Kh8 25. Qh5+ Bh6 26. Qxh6# 1-0

[Event "Helsingor Xtracon op"]
[Site "Helsingor"]
[Date "2018.07.28"]
[Round "9"]
[White "Christensen, Benny1111"]
[Black "Narheim, Mats"]
[Result "0-1"]
[WhiteElo "1754"]
[BlackElo "1544"]
[PlyCount "50"]
[EventDate "2018.07.21"]
[EventType "swiss"]
[EventRounds "10"]
[EventCountry "DEN"]
[SourceTitle "CBM 185 Extra"]
[Source "ChessBase"]
[SourceDate "2018.07.29"]
[SourceVersion "1"]
[SourceVersionDate "2018.07.29"]
[SourceQuality "1"]

1. d4 Nf6 2. Nf3 g6 3. c3 d6 4. Bf4 Bg7 5. h3 0-0 6. e3 Bf5 7. Nbd2 c5 8. g4 Be6 9. Bg2 Qc8 10. Ng5 Bd7 11. Qb3 Nc6 12. 0-0-0 cxd4 13. c4 dxe3 14. fxe3 d5 15. Kb1 dxc4 16. Nxc4 Be6 17. Nxe6 Qxe6 18. g5 Ne4 19. Rhf1 Rfd8 20. Qc2 Nc5 21. Nd2 Nb4 22. Qc4 Rxd2 23. Qxb4 Rxg2 24. Qxc5 Rxb2+ 25. Kc1 Qxa2 0-1

[Event "Helsingor Xtracon op"]
[Site "Helsingor"]
[Date "2018.07.22"]
[Round "3"]
[White "Narheim, Mats"]
[Black "Andreasen, Jon S"]
[Result "1-0"]
[WhiteElo "1544"]
[BlackElo "1736"]
[PlyCount "53"]
[EventDate "2018.07.21"]
[EventType "swiss"]
[EventRounds "10"]
[EventCountry "DEN"]
[SourceTitle "CBM 185 Extra"]
[Source "ChessBase"]
[SourceDate "2018.07.29"]
[SourceVersion "1"]
[SourceVersionDate "2018.07.29"]
[SourceQuality "1"]

1. e4 c6 2. d4 d5 3. e5 Bf5 4. Nf3 e6 5. Be2 Nd7 6. Be3 Ne7 7. Nbd2 c5 8. c4 cxd4 9. Bxd4 Nc6 10. cxd5 exd5 11. 0-0 a6 12. Nb3 Be7 13. Bc3 Be6 14. Nbd4 0-0 15. Bd3 Rc8 16. Nxc6 Rxc6 17. Nd4 Rc8 18. f4 Nc5 19. f5 Bd7 20. f6 gxf6 21. exf6 Bxf6 22. Rxf6 Qxf6 23. Nf5 d4 24. Bxd4 Qxf5 25. Bxf5 Bxf5 26. Qf3 Rfd8 27. Qxf5 1-0

[Event "Helsingor Xtracon op"]
[Site "Helsingor"]
[Date "2017.07.30"]
[Round "10"]
[White "Tenold, Andreas"]
[Black "Narheim, Mats"]
[Result "0-1"]
[WhiteElo "1845"]
[BlackElo "1519"]
[PlyCount "66"]
[EventDate "2017.07.22"]
[EventType "swiss"]
[EventRounds "10"]
[EventCountry "DEN"]
[SourceTitle "CBM 179 Extra"]
[Source "ChessBase"]
[SourceDate "2017.08.23"]
[SourceVersion "1"]
[SourceVersionDate "2017.08.23"]
[SourceQuality "1"]

1. c4 Nf6 2. Nc3 c5 3. g3 Nc6 4. Bg2 g6 5. d3 Bg7 6. e4 d6 7. Nge2 Bd7 8. 0-0 Qc8 9. Nf4 0-0 10. Nfd5 Ng4 11. h3 Nf6 12. Kh2 Re8 13. f4 h6 14. Bd2 Rb8 15. Qf3 Nd4 16. Qf2 b6 17. Rae1 a6 18. e5 Nxd5 19. Nxd5 e6 20. Nc3 Qc7 21. exd6 Qxd6 22. Ne4 Qc7 23. g4 Red8 24. Kh1 Ra8 25. Qh4 Bc6 26. Nf6+ Bxf6 27. Qxf6 Bxg2+ 28. Kxg2 Qc6+ 29. Kg3 Nc2 30. Bc3 Rxd3+ 31. Kh4 Nd4 32. f5 g5+ 33. Kh5 Rxh3# 0-1

[Event "Helsingor Xtracon op"]
[Site "Helsingor"]
[Date "2016.07.30"]
[Round "9"]
[White "Molgaard, Steen"]
[Black "Narheim, Mats"]
[Result "1-0"]
[WhiteElo "2078"]
[BlackElo "1467"]
[PlyCount "65"]
[EventDate "2016.07.23"]
[EventType "swiss"]
[EventRounds "10"]
[EventCountry "DEN"]
[SourceTitle "CBM 173 Extra"]
[Source "ChessBase"]
[SourceDate "2016.08.29"]
[SourceVersion "1"]
[SourceVersionDate "2016.08.29"]
[SourceQuality "1"]

1. d4 Nf6 2. Nf3 e6 3. g3 d5 4. Bg2 c5 5. 0-0 Nc6 6. c3 cxd4 7. cxd4 Bd6 8. Nc3 0-0 9. Bg5 Be7 10. Rc1 Ne4 11. Nxe4 Bxg5 12. Nexg5 h6 13. Nh3 Qd6 14. Nf4 Rd8 15. e3 e5 16. Nxe5 Nxe5 17. dxe5 Qxe5 18. Qd4 Qxd4 19. exd4 Be6 20. Nxe6 fxe6 21. Bh3 Rd6 22. Rfe1 Re8 23. Rc7 Rb6 24. b3 Kh7 25. f4 Kg6 26. f5+ Kf6 27. Rxe6+ Rbxe6 28. fxe6 g5 29. Rf7+ Kg6 30. Bf5+ Kh5 31. g4+ Kh4 32. Rh7 Kh3 33. Rxh6# 1-0

[Event "Helsingor Xtracon op"]
[Site "Helsingor"]
[Date "2016.07.29"]
[Round "8"]
[White "Narheim, Mats"]
[Black "Fjellengen, Bard"]
[Result "1-0"]
[WhiteElo "1467"]
[BlackElo "1764"]
[PlyCount "57"]
[EventDate "2016.07.23"]
[EventType "swiss"]
[EventRounds "10"]
[EventCountry "DEN"]
[SourceTitle "CBM 173 Extra"]
[Source "ChessBase"]
[SourceDate "2016.08.29"]
[SourceVersion "1"]
[SourceVersionDate "2016.08.29"]
[SourceQuality "1"]

1. e4 c5 2. Nc3 Nc6 3. Bc4 e6 4. f4 d6 5. f5 exf5 6. exf5 Bxf5 7. Nf3 Qe7+ 8. Ne2 0-0-0 9. 0-0 d5 10. Bb5 Nb4 11. d3 a6 12. Ba4 b5 13. Bb3 c4 14. a3 Nc6 15. Ba2 cxd3 16. cxd3 Kb7 17. Nf4 Nf6 18. Re1 Qd7 19. Be3 Bd6 20. a4 Bb4 21. Re2 Rhe8 22. axb5 axb5 23. d4 Bg4 24. Qd3 Kb6 25. Ne5 Nxe5 26. dxe5+ d4 27. Nd5+ Qxd5 28. Bxd5 Bxe2 29. Qxd4+ 1-0

[Event "Politiken Cup 37th"]
[Site "Helsingor"]
[Date "2015.07.25"]
[Round "1"]
[White "Petersson, Baldur Teodor"]
[Black "Narheim, Mats"]
[Result "1-0"]
[WhiteElo "1988"]
[BlackElo "1264"]
[PlyCount "55"]
[EventDate "2015.07.25"]
[EventType "swiss"]
[EventRounds "10"]
[EventCountry "DEN"]
[SourceTitle "CBM 167 Extra"]
[Source "ChessBase"]
[SourceDate "2015.09.14"]
[SourceVersion "1"]
[SourceVersionDate "2015.09.14"]
[SourceQuality "1"]

1. e4 c5 2. Nc3 Nc6 3. g3 d6 4. Bg2 g6 5. d3 Bg7 6. f4 Nf6 7. Nf3 Bg4 8. h3 Bxf3 9. Qxf3 Nd4 10. Qf2 0-0 11. 0-0 Nc6 12. g4 Nd7 13. g5 Nb4 14. Be3 f6 15. h4 fxg5 16. hxg5 e5 17. f5 gxf5 18. exf5 Nc6 19. Bd5+ Kh8 20. Qh4 Rc8 21. Kg2 h6 22. Ne4 Rc7 23. f6 Nxf6 24. gxf6 Rd7 25. Bxh6 Bxh6 26. Qxh6+ Rh7 27. Rh1 Qd7 28. Qxf8# 1-0

[Event "NOR-ch U11"]
[Site "Hamar"]
[Date "2013.11.15"]
[Round "1"]
[White "Narheim, Mats"]
[Black "Falck, Magnus"]
[Result "1-0"]
[WhiteElo "923"]
[BlackElo "701"]
[PlyCount "39"]
[EventDate "2013.11.15"]
[EventType "swiss"]
[EventRounds "7"]
[EventCountry "NOR"]
[SourceTitle "EXT 2024"]
[Source "ChessBase"]
[SourceDate "2023.10.10"]
[SourceVersion "1"]
[SourceVersionDate "2023.10.10"]
[SourceQuality "1"]

1. e4 c5 2. Nf3 d6 3. d4 cxd4 4. Nxd4 Nf6 5. Nc3 e5 6. Bb5+ Bd7 7. Bxd7+ Nbxd7 8. Ndb5 Nxe4 9. Nxe4 Qa5+ 10. Nbc3 g6 11. Nxd6+ Bxd6 12. Qxd6 0-0-0 13. Bg5 f6 14. Bxf6 Nxf6 15. Qxf6 Qc5 16. 0-0 Rhf8 17. Qe6+ Rd7 18. Rad1 Rfd8 19. Ne4 Qxc2 20. Rc1 1-0

[Event "Politiken Cup 35th"]
[Site "Helsingor"]
[Date "2013.07.31"]
[Round "6"]
[White "Narheim, Mats"]
[Black "Hein, Jacob"]
[Result "0-1"]
[WhiteElo "1315"]
[BlackElo "1491"]
[PlyCount "68"]
[EventDate "2013.07.27"]
[EventType "swiss"]
[EventRounds "10"]
[EventCountry "DEN"]
[SourceTitle "CBM 155 Extra"]
[Source "ChessBase"]
[SourceDate "2013.08.26"]
[SourceVersion "1"]
[SourceVersionDate "2013.08.26"]
[SourceQuality "1"]

1. e4 g6 2. d4 Bg7 3. Nf3 d6 4. Nc3 Nf6 5. Bc4 Bg4 6. 0-0 0-0 7. Be3 Qd7 8. Be2 c6 9. Qd2 b5 10. Bh6 b4 11. Nd1 Nxe4 12. Qf4 Qf5 13. Qxf5 Bxf5 14. Bxg7 Kxg7 15. Bd3 d5 16. Ne3 Bc8 17. Bxe4 dxe4 18. Ng5 f5 19. d5 h6 20. Nh3 f4 21. Ng4 Bxg4 22. dxc6 Nxc6 23. Rae1 Bxh3 24. gxh3 e3 25. fxe3 f3 26. c3 Rad8 27. Rf2 bxc3 28. bxc3 Ne5 29. h4 Nd3 30. Rd2 f2+ 31. Kg2 Nxe1+ 32. Kg3 Rxd2 33. Kh3 f1Q+ 34. Kg3 Qf3# 0-1

[Event "Politiken Cup 35th"]
[Site "Helsingor"]
[Date "2013.07.29"]
[Round "4"]
[White "Sorensen, Bernhard"]
[Black "Narheim, Mats"]
[Result "1-0"]
[WhiteElo "1591"]
[BlackElo "1315"]
[PlyCount "51"]
[EventDate "2013.07.27"]
[EventType "swiss"]
[EventRounds "10"]
[EventCountry "DEN"]
[SourceTitle "CBM 155 Extra"]
[Source "ChessBase"]
[SourceDate "2013.08.26"]
[SourceVersion "1"]
[SourceVersionDate "2013.08.26"]
[SourceQuality "1"]

1. e4 d5 2. exd5 Qxd5 3. Nc3 Qa5 4. d4 Bf5 5. Nf3 e6 6. Bd2 c6 7. Bc4 Bb4 8. a3 Bd6 9. Ne4 Qc7 10. Nxd6+ Qxd6 11. 0-0 Nd7 12. Re1 0-0-0 13. c3 h5 14. Ng5 Qe7 15. Qf3 Ngf6 16. h3 Nh7 17. Qxf5 Nb6 18. Bb3 Nd5 19. Qxf7 Nxg5 20. Qxe7 Nxe7 21. Bxg5 Rd5 22. Bxe7 Rb5 23. Bxe6+ Kc7 24. b4 Rg5 25. Bxg5 g6 26. Bf7 1-0

[Event "Politiken Cup 35th"]
[Site "Helsingor"]
[Date "2013.07.28"]
[Round "3"]
[White "Larsen, Hans Haagen"]
[Black "Narheim, Mats"]
[Result "1-0"]
[WhiteElo "1712"]
[BlackElo "1315"]
[PlyCount "55"]
[EventDate "2013.07.27"]
[EventType "swiss"]
[EventRounds "10"]
[EventCountry "DEN"]
[SourceTitle "CBM 155 Extra"]
[Source "ChessBase"]
[SourceDate "2013.08.26"]
[SourceVersion "1"]
[SourceVersionDate "2013.08.26"]
[SourceQuality "1"]

1. d4 d5 2. Bf4 Nc6 3. Nf3 Bf5 4. e3 e6 5. Bd3 Bg4 6. Nbd2 Nf6 7. c4 Bb4 8. Qb3 Ne4 9. Bxe4 dxe4 10. Ne5 Bxd2+ 11. Kxd2 Nxe5 12. Bxe5 0-0 13. h4 c5 14. Qxb7 cxd4 15. Qxe4 Qa5+ 16. Kc1 dxe3 17. Bc3 Qh5 18. Qxe3 Rad8 19. f3 Bf5 20. g4 Rd3 21. Qxd3 Bxd3 22. gxh5 Rd8 23. Rg1 Rf8 24. Rxg7+ Kh8 25. Rxf7+ Kg8 26. Rg7+ Kh8 27. Rd7+ Kg8 28. Rxd3 1-0

[Event "Politiken Cup 35th"]
[Site "Helsingor"]
[Date "2013.07.27"]
[Round "1"]
[White "Oe, Oluf"]
[Black "Narheim, Mats"]
[Result "1-0"]
[WhiteElo "1992"]
[BlackElo "1315"]
[PlyCount "53"]
[EventDate "2013.07.27"]
[EventType "swiss"]
[EventRounds "10"]
[EventCountry "DEN"]
[SourceTitle "CBM 155 Extra"]
[Source "ChessBase"]
[SourceDate "2013.08.26"]
[SourceVersion "1"]
[SourceVersionDate "2013.08.26"]
[SourceQuality "1"]

1. c4 e5 2. Nc3 Nc6 3. e3 g6 4. Nf3 Bg7 5. Be2 Qe7 6. Nd5 Qd8 7. d4 exd4 8. exd4 d6 9. 0-0 Nge7 10. Bg5 Bg4 11. Nf6+ Bxf6 12. Bxf6 Rf8 13. d5 Ne5 14. Nxe5 Bxe2 15. Qxe2 dxe5 16. Qxe5 Qd6 17. Rfe1 Qxe5 18. Rxe5 0-0-0 19. Rxe7 Rd6 20. Bg7 Rg8 21. Rxf7 c6 22. dxc6 Rxc6 23. b3 Kb8 24. g3 Rgc8 25. Rd1 a6 26. Rdd7 R6c7 27. Be5 1-0

[Event "Stavanger op A"]
[Site "Stavanger"]
[Date "2013.05.??"]
[Round "1"]
[White "Narheim, Mats"]
[Black "Balas, Georg"]
[Result "0-1"]
[WhiteElo "844"]
[BlackElo "1185"]
[PlyCount "38"]
[EventDate "2013.05.08"]
[EventType "swiss"]
[EventRounds "6"]
[EventCountry "NOR"]
[SourceTitle "EXT 2024"]
[Source "ChessBase"]
[SourceDate "2023.10.10"]
[SourceVersion "1"]
[SourceVersionDate "2023.10.10"]
[SourceQuality "1"]

1. e4 e5 2. Nf3 Nc6 3. Bc4 Nf6 4. Ng5 d5 5. exd5 Nxd5 6. Nxf7 Kxf7 7. Qf3+ Qf6 8. Bxd5+ Be6 9. Bxc6 bxc6 10. Qxc6 Rc8 11. 0-0 Bd6 12. Nc3 Rhe8 13. Re1 Qe7 14. Re3 Kg8 15. d4 exd4 16. Nd5 Qh4 17. Re1 Qxh2+ 18. Kf1 Qh1+ 19. Ke2 Bg4+ 0-1